000 00867nmm a2200277 a 4500
001 ocm0001864951
003 TR-IsHL
005 20201028172737.0
008 180520s2018 tu tur
007 cr cn
020 _a9786052259979
035 _a1864951
_b(N$T)
050 0 4 _aHF5386
_b.H57 2018
090 0 4 _aHF5386
_b.H57 2018
100 1 _aHill, Napoleon,
245 1 0 _aThink and grow rich
_h[electronic resource] /
_cNapoleon, Hill
250 _aFirst edition
260 _aİstanbul :
_bE-Kitap Projesi,
_c2018
300 _a238 p.
650 4 _aGenel Çalışmalar
650 4 _aGeneral Works
650 0 _aİş dünyasında başarı
650 0 _aSuccess in business
650 7 _aBUSINESS & ECONOMICS / Personal Success
_2bisacsh
856 4 0 _uhttp://search.ebscohost.com/login.aspx?direct=true&scope=site&db=e011xww&AN=1864951
999 _c17351
_d17351